00366nam a2200145Ia 4500008004000000041000800040082001600048100003900064245002700103260004300130300001200173650001300185650001200198650001000210210210b1977 xxu||||| |||| 00| 0 eng d aeng a530.02 ASSQ aASSOCIATION OF INDIAN UNIVERSITIES aQuestion bank: physics aNDbAsso. of Indian Universitiesc1977 axvi,413 aQuestion aphysics abank: